Science Quiz

Random Science Quiz
Score 0/27 Timer 10:00
0 Plays Today
Hint Answer % Correct
Lunate
94.7%
Carpal BonesScaphoid
89.5%
Pisiform
89.5%
Capitate
89.5%
Hamate
89.5%
Trapezoid
84.2%
Triquetrum
78.9%
Trapezium
78.9%
Opponens pollicis
68.4%
Flexor digiti minimi
68.4%
Adductor-Interosseous CompartmentAdductor pollicis
68.4%
Palmar interossei
68.4%
Dorsal interossei
68.4%
Abductor pollicis longus
68.4%
Hint Answer % Correct
Central CompartmentLumbricals
63.2%
Tendons of flexor digitorum superficialis
63.2%
Thenar CompartmentAbductor pollicis brevis
63.2%
Flexor pollicis brevis
63.2%
Hypothenar CompartmentAbductor digiti minimi
63.2%
Opponens digiti minimi
63.2%
Carpal TunnelTendons of flexor digitorum superficialis
63.2%
Snuff BoxExtensor pollicis longus
63.2%
Tendons of flexor digitorum profundus
57.9%
Tendons of flexor digitorum profundus
57.9%
Median nerve
57.9%
Extensor pollicis brevis
57.9%
Flexor pollicis longus
36.8%
Remove Ads.
Support Sporcle.
Get the best of Sporcle when you Go Orange. This ad-free experience offers more features, more stats, and more fun while also helping to support Sporcle. Thank you for becoming a member.

You're not logged in!

Compare scores with friends on all Sporcle quizzes.
OR
Log In

Show Comments

Extras

Created Aug 10, 2016ReportNominate
Tags:compartment, hand

Top Quizzes Today


Score Distribution

Your Account Isn't Verified!

In order to create a playlist on Sporcle, you need to verify the email address you used during registration. Go to your Sporcle Settings to finish the process.

Report this User

Report this user for behavior that violates our Community Guidelines.

Details: